000 00581nam a2200157 a 4500
008 120416s1978 ||||||||||||||||| || u
050 _aHC 800 Rot
100 _aRothchild, Donald
245 1 0 _aScarcity, choice, and public policy in middle Africa
260 _aBerkeley
_bUniversity of California Press
_c1978
300 _aviii, 357p.
350 _a0.00
650 0 _aAFRICA--ECONOMIC CONDITIONS
650 0 _aECONOMICS
995 _D0.00
_FCBU-MAIN LIBRARY (Kitwe)
_H1
_I0.00
_M1
_UAVAILABLE
_ZMain Library Open Access Collection
999 _c57002
_d57002